000 00871nam a2200217Ia 4500
003 Ost
005 20260507075120.0
008 260507s9999||||xx |||||||||||||| ||und||
040 _cfsecg
041 _aara
082 _a330
100 _aأحمد، عبد الرحمن يسري
_eمؤلف
245 0 _aالنظرية الإقتصادية الكلية والجزئية /
_c عبد الرحمن يسري أحمد
260 _aالإسكندرية:
_b[دون ناشر],
_c2004
300 _a392 صفحة؛
_bإيضاحات ؛
_c25 سم
520 _aالنظرية الإقتصادية الكلية مع مقدمة في التحليل الإقتصادي- النظرية الإقتصادية الجزئية
653 _aالإقتصاد الجزئي
653 _aالإقتصاد الكلي
653 _aالنظرية الإقتصادية
942 _cكتاب
999 _c43069
_d43069